|
|
|
|
| LEADER |
00000cam a2200000 a 4500 |
| 001 |
vtls001121779 |
| 003 |
SK-MaSNL |
| 005 |
20260302020217.0 |
| 008 |
240318s1988 xo g 000 0 slo |
| 015 |
|
|
|a SNBA1988/08
|
| 020 |
|
|
|c 25 Kčs.
|
| 035 |
|
|
|a SNK000064622
|
| 035 |
|
|
|a urn:nbn:sk:snk-am3hv3p
|
| 035 |
|
|
|a 49434284-2A84-49E8-8E12-ED39A493E1A3
|
| 035 |
|
|
|a urn:nbn:sk:snk-am00da2e
|
| 040 |
|
|
|a SNK
|b slo
|c SNK
|e AACR2
|
| 041 |
1 |
|
|a slo
|h rus
|
| 044 |
|
|
|a xo
|c SK
|
| 072 |
|
7 |
|a 821.161.1
|x Ruská literatúra
|2 konspekt
|
| 080 |
|
|
|a 882-1
|2 1981
|
| 080 |
|
|
|a 821.161.1
|2 2011
|
| 100 |
1 |
|
|a Ščipačev, Stepan Petrovič,
|d 1899-1980
|4 aut
|9 166842
|
| 245 |
1 |
0 |
|a Slohy lásky
|c autor Stepan Ščipačov ; [z rus. orig. prel. Helena Križanová-Brindzová v spolupráci s Dušanom Haruštiakom ; ilustrovala Naďa Rappensbergerová]
|
| 250 |
|
|
|a 5. vyd.
|
| 260 |
|
|
|a Bratislava
|b Slovenský spisovateľ
|c 1988
|e Trnava
|f Polygrafické závody
|
| 300 |
|
|
|a 191 s.
|c 15 cm
|
| 366 |
|
|
|e 5500 výtl.
|
| 490 |
1 |
|
|a Zlatá jabloň
|v zv. 25
|
| 500 |
|
|
|a Ilustr. na front. Brož. 21 Kčs
|
| 650 |
0 |
7 |
|a ruská literatúra
|2 SNKPH
|9 1204
|
| 655 |
|
7 |
|a ľúbostná poézia
|2 SNKPH
|9 70633
|
| 700 |
1 |
|
|a Križanová-Brindzová, Helena,
|d 1922-1990
|4 trl
|9 87463
|
| 700 |
1 |
|
|a Rappensbergerová-Jankovičová, Naďa,
|d 1936-
|4 ill
|9 113130
|
| 830 |
|
0 |
|a Zlatá jabloň
|9 307732
|
| 958 |
|
|
|a LX
|
| 958 |
|
|
|a RU
|
| 958 |
|
|
|a UP
|
| 999 |
|
|
|c 1024253
|d 1026183
|
| 952 |
|
|
|a SNK
|b SNK
|y PREZ
|7 0
|p 17A0785064
|o snkSE 7888
|0 0
|1 0
|4 0
|d 2011-11-10
|f 1
|l 0
|r 2026-02-24 13:34:20
|w 2026-02-24
|
| 952 |
|
|
|t P60, <05>, [BOOK], {605}
|a SNK
|b SNK
|y PREZ
|7 0
|p 17A0121833
|o snkSE 7888 D1
|0 0
|1 0
|4 0
|d 1998-02-04
|l 0
|r 2004-12-31 00:00:00
|w 2026-02-24
|